| 000 | 00430nam a22001817a 4500 | ||
|---|---|---|---|
| 003 | NUST - PNEC | ||
| 005 | 20170116180915.0 | ||
| 008 | 150903b xxu||||| |||| 00| 0 eng d | ||
| 020 | _a- | ||
| 040 | _cLIBRARY | ||
| 082 | _a539.3 TIM | ||
| 100 |
_97417 _aTimoshenko, S. |
||
| 245 |
_aTheory of elasticity _cStephen Timoshenko |
||
| 250 | _a2nd ed. | ||
| 260 | _cc. 1951 | ||
| 650 |
_97422 _aElasticity _xME |
||
| 942 |
_2ddc _cBK |
||
| 999 |
_c65445 _d65445 |
||